MARC

LEADER 00000nam0a2200000 4500
001 287525
005 20231102000010.0
035 |a (RuTPU)RU\TPU\book\311929 
090 |a 287525 
100 |a 20150317d1973 k y0rusy50 ca 
101 0 |a rus 
102 |a RU 
105 |a a z 001zy 
200 1 |a Геохимические поиски эндогенных месторождений бора по вторичным ореолам рассеяния  |f Ю. Е. Сает, Н. Я. Игумнов, Н. И. Несвижская  |g Академия наук СССР (АН СССР), Институт минералогии, геохимии и кристаллохимии редких элементов (ИМГРЭ) 
210 |a Москва  |c Наука  |d 1973 
215 |a 135 с.  |c ил. 
320 |a Библиогр.: с. 129-133. 
606 1 |a Бораты  |x Месторождения  |2 stltpush  |3 (RuTPU)RU\TPU\subj\30079  |9 53259 
610 1 |a геохимические исследования 
610 1 |a поиск 
610 1 |a эндогенные месторождения 
610 1 |a вторичные ореолы 
610 1 |a Дальний Восток 
610 1 |a Забайкалье 
610 1 |a Казахстан 
610 1 |a Кавказ 
610 1 |a геохимический фон 
675 |a 553.637  |v 3 
700 1 |a Сает  |b Ю. Е.  |g Юлий Ефимович 
701 1 |a Игумнов  |b Н. Я. 
701 1 |a Несвижская  |b Н. И. 
712 0 2 |a Академия наук СССР (АН СССР)  |b Институт минералогии, геохимии и кристаллохимии редких элементов (ИМГРЭ)  |c (Москва)  |2 stltpush  |3 (RuTPU)RU\TPU\col\10887 
801 1 |a RU  |b 63413507  |c 20150317 
801 2 |a RU  |b 63413507  |c 20180405  |g RCR 
942 |c BK